000 00247nam a2200109Ia 4500
008 220204s9999 xx 000 0 und d
082 _a82-3
_bMAR
100 _aMarathe, H M
245 0 _aDark waters
260 _aBangalore
_bIBH
_c1979
942 _cBK
999 _c33584
_d33584